Día de la música /

Festejos en el día de la música, organizados por la Profesora Susana Sanz. Escuela de Ciclo Básico (22-11-95).

Guardado en:
Autor Corporativo: Ciclo Básico.
Formato: Deslizar
Publicado: Bahía Blanca, 1995.
Materias:
Etiquetas: Agregar Etiqueta
Sin Etiquetas, Sea el primero en etiquetar este registro!
LEADER 00866ngm a22002535g 4500
001 CEM.cems022254
008 130507s1995####ag############0###0#####d
005 20241014204637.0
245 0 0 |a Día de la música /  |c Ciclo Básico. 
260 |a Bahía Blanca,  |c 1995. 
300 |a 37'. 
520 |a Festejos en el día de la música, organizados por la Profesora Susana Sanz. Escuela de Ciclo Básico (22-11-95). 
538 |a Soporte: VHS - Norma: Pal N - Color - Grabación Aries - Hitachi=0000 
500 |a En soporte VHS, consultar en ventanilla. 
110 2 |a Ciclo Básico. 
082 7 8 |/ FES-1 
653 |a MUSICA 
653 |a SANTA CECILIA 
653 |a DIA DE LA MUSICA 
653 |a CICLO BASICO 
653 |a EPUNS 
653 |a NIVEL PRIMARIO 
653 |a NIVEL SECUNDARIO 
859 |a CEMS  |b BIB. CEMS - Depto. Recursos Didacticos  |h 780  |i FES-1  |k DRD  |p 897.12  |t Ej.1